000 00696nam a2200241Ia 4500
003 OSt
005 20220926001026.0
006 a|||||r|||| 00| 0
007 ta
008 220923b |||||||| |||| 00| 0 eng d
037 _cGeneral Book
040 _aRTL
_cRTL
_beng
041 _2eng
_aeng
082 _aY73(Q7).2.N5, L0
100 _aShakir Moin
_9246589
245 0 _aKhilafat to partition
_b A survey of major politica
260 _a New Delhi
_bKolankar Prakashan
_c1970
300 _axxiv, 300p
_ccm.
500 _aBibliography: P 285-300
650 _aMuslims
_926356
942 _hY73(Q7).2.N5, L0
_cGB
_2CC
999 _c600244
_d600244